| 000 | 00766nam a2200193 a 4500 | ||
|---|---|---|---|
| 001 | 000294582 | ||
| 003 | AM-YeHGA | ||
| 005 | 20250617125950.0 | ||
| 008 | 031217s ai 000 | arm d | ||
| 040 | _aAM-YeHGA | ||
| 041 | 0 | _aarm | |
| 100 | 1 | _aՊօլուպէյեան, Սարգիս | |
| 245 | 1 | 0 |
_aՄունետիկ : _bԶուարճագիրք : Սարէն ձորէն պատմութիւններ : Սանձամերժ կուսակցութեան եօրկան / _cՍ. Պօլուպէյեան. |
| 260 |
_aԱթէնք : _bտպ. Կիւթէմպէրկ, _cԱ. թ. |
||
| 300 |
_aՄաս ; _c18 սմ. |
||
| 505 | 1 | 0 | _gՄաս Բ., Պր. Գ-Դ-Ե (Ա. թ., 80 էջ, դիմանկ.) |
| 650 | 1 | 4 |
_aՀայ գրականություն _xԵրգիծանք, հումոր |
| 090 | _c109357 | ||
| 999 |
_c108029 _d108029 |
||